| 000 | 01402pam a2200337 a 4500 | ||
|---|---|---|---|
| 005 | 20260205123524.0 | ||
| 008 | 910806s1992 ilua b 001 0 eng | ||
| 020 | _a0226731421 | ||
| 020 | _a0226731448 | ||
| 020 |
_a9780226731445 _q(paper : alk. paper) |
||
| 040 |
_aKABLIB _cKABLIB _erda |
||
| 082 | 0 | 0 |
_a321.8 _223 _bRUE |
| 100 | 1 |
_aRueschemeyer, Dietrich. _915262 |
|
| 245 | 1 | 0 |
_aCapitalist development and democracy / _cDietrich Rueschemeyer, Evelyne Huber Stephens, and John D. Stephens. |
| 260 |
_aChicago : _bUniversity of Chicago Press, _c1992. |
||
| 300 |
_aix, 387 p. : _bill. ; _c24 cm. |
||
| 336 |
_atext _btxt _2rdacontent |
||
| 337 |
_aunmediated _bn _2rdamedia |
||
| 338 |
_avolume _bnc _2rdacarrier |
||
| 504 | _aIncludes bibliographical references (p. [309]-375) and index. | ||
| 650 | 0 |
_aDemocracy _vCase studies. _915159 |
|
| 650 | 0 |
_aCapitalism _vCase studies. _915263 |
|
| 650 | 0 |
_aEconomic development _vCase studies. _915160 |
|
| 655 | 7 |
_aCase studies. _2lcgft _0https://id.loc.gov/authorities/genreForms/gf2017026140 _93979 |
|
| 700 | 1 |
_aHuber, Evelyne, _d1950- _915264 |
|
| 700 | 1 |
_aStephens, John D., _d1947- _915265 |
|
| 856 | 4 | 2 |
_3Publisher description _uhttp://www.loc.gov/catdir/description/uchi051/91029464.html |
| 856 | 4 | 1 |
_3Table of contents _uhttp://www.loc.gov/catdir/toc/uchi051/91029464.html |
| 906 |
_a7 _bcbc _corignew _d1 _eocip _f19 _gy-gencatlg |
||
| 942 |
_2ddc _cBOOK |
||
| 999 |
_c6035 _d6035 |
||